| 000 | 00552nam a2200169 a 4500 | ||
|---|---|---|---|
| 001 | 000004764 | ||
| 005 | 20200929151511.0 | ||
| 008 | 090727s1984 it a 000 0 spa d | ||
| 040 | _aDO-SdBNP | ||
| 082 |
_axxxx _bR588p |
||
| 100 | 1 |
_aRipabottoni, Alejandro de _913834 |
|
| 245 | 1 | 0 |
_aPadre Pío de Pietrelcina : _bperfíl biográfico / _cAlejandro de Ripabottoni ; traducción Pelayo de Zamayón. |
| 260 |
_aFoggia, Italia : _bGRAFSUD-LEONE, _c1984. |
||
| 300 |
_a177 p. : _bil. ; _c17 cm. |
||
| 700 | 1 |
_aZamayón, Pelayo de, _etr. _913835 |
|
| 049 | _aBNPD | ||
| 999 |
_c4570 _d4570 |
||